000
002780000a22000970004500
100
1
_a
Alexander, T.D.
245
1
0
_a
The composition of the Sinai narrative in Exodus 19:1-24:11
300
_a
Vol. 49, Num. 1 (Enero, 1999), Páginas 2-20
773
0
_t
Vetus Testamentum
942
_c
ANA
999
_c
58244
_d
58244